000 00554nmm a2200169Ia 4500
008 251105s9999||||xx |||||||||||||||||und||
020 _a9789587386769
041 _aspa
100 _aBonnett Vélez, Diana (ed.)
245 0 _aUna obra para la historia : homenaje a Germán Colmenares :
_b Liber Amicorum
264 _a[Bogotá, Colombia] :
_bUniversidad del Rosario,
_c2015
300 _a182 páginas
490 _aTextos de Ciencias Humanas
650 _aHistory (General)
856 _uhttps://public.digitaliapublishing.com/a/46547
942 _cCF
999 _c95843
_d95843